| 000 | 00651cam a22001811 4500 | ||
|---|---|---|---|
| 082 |
_a697 _bALL _cL-8, P-9 |
||
| 100 | 1 |
_aAllen, John Robins, _941791 |
|
| 245 | 0 | 0 |
_aHeating and air conditioning _c[by] John R. Allen ... James Herbert Walker ... [and] John William James ... |
| 250 | _a6th ed. | ||
| 260 |
_aNew York, _aLondon, _bMcGraw-Hill Book Company, inc., _c1946. |
||
| 300 |
_avii, 667 p. _billus., diagrs. (part double) _c24 cm. |
||
| 526 |
_a0 _b0 _c0 _d697_000000000000000_ALL |
||
| 650 | 0 |
_aAir conditioning. _919032 |
|
| 650 | 0 |
_aHeating. _932526 |
|
| 700 | 1 |
_aJames, John William, _945618 |
|
| 700 | 1 |
_aWalker, J. H. _945619 |
|
| 942 |
_2ddc _cBK |
||
| 999 |
_c549098 _d549098 |
||